| 000 | 00353nam a2200133Ia 4500 | ||
|---|---|---|---|
| 005 | 20260328101530.0 | ||
| 008 | 260328s9999||||xx |||||||||||||| ||und|| | ||
| 100 | _aBarney Caldas, Benjamín | ||
| 245 | 0 |
_aIntroducción a la Arquitectura / _cBenjamín Barney Caldas |
|
| 260 | _bEditorSPatiño | ||
| 300 | _a379 p. | ||
| 650 | _aARQUITECTOS | ||
| 942 | _cBK | ||
| 999 |
_c9933 _d9933 |
||